[Event "Chigorin Memorial 22nd"]
[Site "St Petersburg"]
[Date "2014.10.22"]
[Round "5"]
[White "Rozhnov, Valeriy"]
[Black "Donskov, Anatoly"]
[Result "0-1"]
[WhiteElo "2069"]
[BlackElo "2309"]
[PlyCount "78"]
[EventDate "2014.10.18"]
[EventType "swiss"]
[EventRounds "9"]
[EventCountry "RUS"]
[SourceTitle "EXT 2015"]
[Source "ChessBase"]
[SourceDate "2014.11.20"]
[SourceVersion "1"]
[SourceVersionDate "2014.11.20"]
[SourceQuality "1"]

1. d4 Nf6 2. Nc3 c5 3. d5 d6 4. Bg5 g6 5. Bxf6 exf6 6. h4 Bg7 7. e3 a6 8. Qd2 b5 9. g3 f5 10. Bg2 Nd7 11. Nf3 Nb6 12. 0-0 Nc4 13. Qc1 Nxb2 14. Qxb2 Qa5 15. Rad1 Qxc3 16. Qxc3 Bxc3 17. Bh3 a5 18. h5 b4 19. Nd2 Kd8 20. Rfe1 Re8 21. hxg6 hxg6 22. Bf1 Ba6 23. Bxa6 Rxa6 24. Re2 Bxd2 25. Rexd2 Kc7 26. Kg2 Raa8 27. Rh1 Rh8 28. Rdd1 Kb6 29. f3 Rxh1 30. Rxh1 Kb5 31. e4 fxe4 32. fxe4 Ka4 33. Rf1 Ra7 34. Rf3 c4 35. Rf6 Rb7 36. Rf3 c3 37. Kf2 Ka3 38. Ke3 Kxa2 39. Kd3 Kb2 0-1